| 000 | 00000nam##2200000za#4500 |
| 001 | 9.678820 |
| 003 | CaOODSP |
| 005 | 20250506145324 |
| 007 | ta |
| 008 | 150407|1991||||xxc||||| f|0| 0 fre|d |
| 020 | |a0-662-96858-1 |
| 040 | |aCaOODSP|bfre |
| 043 | |an-cn--- |
| 086 | 1 |aA53-1868/1991F |
| 110 | 1 |aCanada.|bAgriculture Canada. |
| 245 | 10|aPédo-paysages du Canada : |bguide de l'utilisateur / |c[par] J.A. Shields ... [et al.] |
| 260 | |aOttawa - Ontario : |bAgriculture Canada |c1991. |
| 300 | |a82p. : |bfigures, références ; |c23 cm. |
| 563 | |aCouverture souple |
| 590 | |a91-49|b1991-12-06 |
| 720 | 1 |aShields, J. A. |
| 775 | 08|tSoil landscapes of Canada : |w(CaOODSP)9.644404 |
| 776 | 0#|tPédo-paysages du Canada : |w(CaOODSP)9.644356 |
| 986 | |aCentre de recherche sur les terres. Contribution, 88-29; Publication 1868/F |